| 000 | 00578nam a22002297a 4500 | ||
|---|---|---|---|
| 005 | 20231012111028.0 | ||
| 008 | 180621b2016 xxu||||| |||| 00| 0 spa d | ||
| 020 | _a9788416365678 | ||
| 041 | _aESP | ||
| 082 | _a306.85 B251c | ||
| 100 | _aBargach, Esther | ||
| 245 | _aEnseña a tus hijos a vivir con alegría | ||
| 260 | _aEspaña | ||
| 260 | _bMestas Ediciones | ||
| 260 | _c2016 | ||
| 300 | _a187 páginas | ||
| 650 | _aRELACIONES FAMILIARES | ||
| 650 | _aEDUCACIÓN FAMILIAR | ||
| 650 | _aFELICIDAD | ||
| 650 | _aEDUCACIÓN | ||
| 942 |
_cLIT _2ddc |
||
| 999 |
_c10760 _d10760 |
||